Statistiques concernant Equipe de France de Football - Tout les joueurs (2000-2017)

Cliquez ici pour prendre le quiz!

Statistiques générales

  • Ce quiz a été pris 3,249 fois
    (1,769 depuis la dernière actualisation)
  • Le résultat moyen est 75 sur 158

Statistiques - réponses

Première sélection Dernière sélection Joueur % Correct
19942006Zinédine Zidane
97%
20072015Karim Benzema
95%
2008-Hugo Lloris
94%
2014-Antoine Griezmann
93%
2011-Olivier Giroud
92%
2008-Steve Mandanda
91%
19972010Thierry Henry
91%
2017-Kylian Mbappé
91%
2013-Paul Pogba
90%
19942006Fabien Barthez
89%
19892000Didier Deschamps
88%
20062014Franck Ribéry
86%
19942008Lilian Thuram
86%
2013-Raphaël Varane
86%
19892000Laurent Blanc
85%
2016-N'Golo Kanté
85%
19982008David Trezeguet
84%
2016-Samuel Umtiti
82%
2010-Blaise Matuidi
81%
19922004Bixente Lizarazu
80%
2017-Benjamin Pavard
80%
19902003Emmanuel Petit
80%
20042016Patrice Évra
78%
2010-Adil Rami
77%
19932004Marcel Desailly
75%
20042004Bernard Mendy
73%
2017-Benjamin Mendy
73%
20072013Samir Nasri
72%
2016-Ousmane Dembélé
72%
19972010Patrick Vieira
70%
19982010Nicolas Anelka
70%
19952008Claude Makélélé
70%
20072015Hatem Ben Arfa
70%
20082013Yoann Gourcuff
70%
2017-Florian Thauvin
70%
20012008Grégory Coupet
68%
19932002Youri Djorkaeff
68%
20102015Mathieu Valbuena
68%
19932000Bernard Lama
67%
19942002Christophe Dugarry
67%
20102015Stéphane Ruffier
66%
2015-Nabil Fekir
66%
19962004Robert Pirès
66%
20002008Willy Sagnol
65%
2010-Dimitri Payet
64%
2015-Kingsley Coman
63%
2009-Moussa Sissoko
63%
20042010Florent Malouda
63%
20092016André-Pierre Gignac
62%
2017-Corentin Tolisso
62%
19992006Sylvain Wiltord
62%
20112018Laurent Koscielny
61%
19952002Frank Leboeuf
61%
2017-Steven Nzonzi
61%
2016-Djibril Sidibé
61%
20072016Bacary Sagna
61%
2013-Alexandre Lacazette
60%
2014-Lucas Digne
60%
20022011William Gallas
57%
20102016Yohan Cabaye
57%
20022012Philippe Mexès
57%
20012007Mickaël Landreau
57%
20102016Mamadou Sakho
56%
2015-Anthony Martial
56%
2016-Thomas Lemar
56%
20112012Marvin Martin
55%
20022011Djibril Cissé
55%
20072016Lassana Diarra
55%
20042012Alou Diarra
55%
20102013Jérémy Ménez
54%
20042013Éric Abidal
53%
20112015Mathieu Debuchy
52%
20022010Sidney Govou
52%
19922002Christian Karembeu
52%
2016-Benoît Costil
51%
2016-Adrien Rabiot
49%
20082013Bafétimbi Gomis
47%
19962002Vincent Candela
45%
20062010Jérémy Toulalan
44%
20032007Jérôme Rothen
43%
20122017Christophe Jallet
42%
20072012Abou Diaby
42%
20032012Anthony Réveillère
42%
20002005Ludovic Giuly
42%
2014-Layvin Kurzawa
41%
20082013Gaël Clichy
40%
20102012Yann M'Vila
40%
2010-Kevin Gameiro
39%
20042014Rio Antonio Mavuba
39%
20062006Pascal Chimbonda
37%
19972002Alain Boghossian
37%
2015-Kurt Zouma
37%
20042006Gaël Givet
36%
20042010Sébastien Squillaci
36%
20032009Jean-Alain Boumsong
36%
20142015Morgan Schneiderlin
35%
19992004Johan Micoud
34%
20082008Steve Savidan
33%
20042010Louis Saha
33%
20092014Loïc Rémy
32%
20132014Clément Grenier
32%
20112011Cédric Carrasso
32%
19992003Ulrich Ramé
32%
20102011Guillaume Hoarau
32%
20142014Rémy Cabella
31%
20062006Julien Faubert
31%
20072008Sébastien Frey
31%
19992006Vikash Dhorasoo
31%
20102010Marc Planus
30%
20022005Benoît Pedretti
30%
20112015Maxime Gonalons
30%
2017-Tiémoué Bakayoko
30%
20122015Benoît Trémoulinas
29%
20062008François Clerc
28%
20132016Eliaquim Mangala
28%
20012006Mikaël Silvestre
27%
20132015Geoffrey Kondogbia
26%
20112016Jérémy Mathieu
25%
20012002Éric Carrière
24%
19972001Lionel Letizi
23%
20152015Paul-Georges Ntep
23%
20052005Franck Jurietti
23%
20102010Aly Cissokho
23%
20012004Olivier Dacourt
23%
20062010Julien Escudé
22%
20082012Jimmy Briand
22%
20122012Clément Chantôme
21%
20022004Bruno Cheyrou
21%
20042005Camel Meriem
21%
20042009Peguy Luyindula
21%
20072008Mathieu Flamini
20%
20012001Zoumana Camara
20%
20102010Mickaël Ciani
20%
20102011Charles N'Zogbia
20%
20132014Josuha Guilavogui
20%
20122014Mapou Yanga-Mbiwa
19%
20122013Étienne Capoue
19%
2016-Sébastien Corchia
19%
20112011Younès Kaboul
19%
19962001Sabri Lamouchi
19%
20082010Rod Fanni
18%
20002002Philippe Christanval
18%
20022004Olivier Kapo
18%
19982000Tony Vairelles
18%
20002004Steve Marlet
18%
19962000Martin Djetou
16%
20072007Frédéric Piquionne
16%
19982000Frédéric Déhu
16%
20122012Morgan Amalfitano
15%
19992001Laurent Robert
14%
20012001Nicolas Gillet
14%
20082008Florent Sinama-Pongolle
14%
20052005Jonathan Zebina
14%
20012001Frédéric Née
14%
20022004Daniel Moreira
13%
20032003Ousmane Dabo
12%
20012002Jérémie Bréchet
12%
20002000Richard Dutruel
12%

Distribution des résultats

Percentile par nombre de réponses

% des personnes avec chaque résultat

Votre développement - résultats

Vous n’avez pas pris ce quiz depuis la dernière actualisation